[Event "Montreal op"]
[Site "Montreal CAN"]
[Date "2019.09.08"]
[Round "4.2"]
[White "Rodrigue-Lemieux, Shawn"]
[Black "Liang, Jason"]
[Result "1/2-1/2"]
[WhiteElo "2242"]
[BlackElo "2224"]
[PlyCount "173"]
[EventDate "2019.09.06"]
[EventType "swiss"]
[EventRounds "5"]
[EventCountry "CAN"]

1. Nf3 Nf6 2. g3 b6 3. Bg2 Bb7 4. O-O e6 5. d3 d5 6. Nbd2 c5 7. e4 dxe4 8. Ng5
Nc6 9. Ndxe4 Be7 10. Re1 Nxe4 11. Nxe4 O-O 12. h4 Qd7 13. Bg5 Rad8 14. Bxe7
Qxe7 15. Qh5 Rd7 16. Ng5 h6 17. Nf3 Rd6 18. Ne5 Nd4 19. Qd1 Bxg2 20. Kxg2 Qb7+
21. Kh3 Rfd8 22. c3 Nc6 23. Qf3 Qc7 24. Nxc6 Rxc6 25. Rad1 Rcd6 26. Rd2 Qd7 27.
Red1 e5+ 28. Kg2 Qe6 29. Qe3 Qd5+ 30. Kg1 f6 31. a3 a5 32. Kf1 h5 33. Kg1 Kh7
34. Qe2 g6 35. Qe3 R8d7 36. Kh2 Kg7 37. Kg1 Rd8 38. Kh2 R6d7 39. Kg1 Kh7 40.
Kh2 Rd6 41. Kg1 Kg8 42. Kh2 R8d7 43. Kg1 Kg7 44. Kh2 Qa8 45. Kg1 Qd8 46. Qe4
Rd5 47. Qe3 R7d6 48. Kh2 Qd7 49. Qe4 b5 50. Kg1 Qg4 51. Qxg4 hxg4 52. Kf1 a4
53. Ke2 f5 54. Rc1 e4 55. Rcd1 exd3+ 56. Rxd3 Rxd3 57. Rxd3 Rxd3 58. Kxd3 Kf6
59. c4 b4 60. axb4 cxb4 61. c5 Ke5 62. Kc4 a3 63. bxa3 bxa3 64. Kb3 Kd5 65.
Kxa3 Kxc5 66. Kb3 Kd4 67. Kc2 Ke4 68. Kd2 Kf3 69. Ke1 Kg2 70. Ke2 Kg1 71. Ke1
Kh2 72. Kf1 Kh1 73. Ke1 Kg1 74. Ke2 Kg2 75. Ke1 Kh3 76. Kf1 Kh2 77. Ke1 Kg1 78.
Ke2 Kg2 79. Ke1 Kf3 80. Kf1 Ke4 81. Ke2 f4 82. gxf4 Kxf4 83. Kf1 Kf3 84. Kg1 g3
85. fxg3 Kxg3 86. h5 gxh5 87. Kh1 1/2-1/2

[Event "Montreal op"]
[Site "Montreal CAN"]
[Date "2019.09.08"]
[Round "4.3"]
[White "Duong, Thanh Nha"]
[Black "Yu, Zong Yang"]
[Result "1/2-1/2"]
[WhiteElo "2146"]
[BlackElo "2394"]
[PlyCount "54"]
[EventDate "2019.09.06"]
[EventType "swiss"]
[EventRounds "5"]
[EventCountry "CAN"]

1. c4 g6 2. Nc3 Bg7 3. g3 e5 4. Bg2 Nc6 5. Nf3 d6 6. d3 Nge7 7. O-O O-O 8. Rb1
a5 9. a3 h6 10. b4 axb4 11. axb4 Be6 12. b5 Nb8 13. Nd2 c6 14. Qb3 Nd7 15. Ba3
Nf6 16. Nde4 Ne8 17. bxc6 bxc6 18. Qb4 Nc8 19. Bb2 Ne7 20. Ba3 Nc8 21. Bb2 Ra6
22. Ra1 Rb6 23. Qa3 Nc7 24. Rfb1 Re8 25. Bc1 Bf8 26. Rxb6 Nxb6 27. Qa5 Nd7
1/2-1/2

[Event "Montreal op"]
[Site "Montreal CAN"]
[Date "2019.09.08"]
[Round "4.4"]
[White "Tanaka, Tyler"]
[Black "Ouellet, Maili-Jade"]
[Result "1-0"]
[WhiteElo "2073"]
[BlackElo "2245"]
[PlyCount "95"]
[EventDate "2019.09.06"]
[EventType "swiss"]
[EventRounds "5"]
[EventCountry "CAN"]

1. e4 c5 2. Nf3 d6 3. Nc3 Nf6 4. d4 cxd4 5. Nxd4 a6 6. h3 e5 7. Nde2 h5 8. Bg5
Be6 9. g3 Nbd7 10. Bg2 Be7 11. O-O O-O 12. a4 Rc8 13. Qd2 Qc7 14. Rfd1 Rfd8 15.
b3 b5 16. axb5 axb5 17. Nxb5 Qxc2 18. b4 Qc4 19. Bxf6 Nxf6 20. Na7 Nxe4 21. Qe3
f5 22. Nxc8 Bxc8 23. Rac1 Qxb4 24. Rb1 Qa4 25. Rbc1 Qe8 26. Nc3 Nxc3 27. Qxc3
e4 28. Qc7 Bd7 29. Qb7 Bf6 30. Bf1 Kh8 31. Bc4 Qe7 32. Qd5 Be5 33. Qf7 Qxf7 34.
Bxf7 h4 35. Kg2 hxg3 36. fxg3 Rf8 37. Bd5 Rf6 38. g4 Rg6 39. Kf2 Rh6 40. Rc7
Ba4 41. Rh1 Bd4+ 42. Kg2 Rg6 43. Rc4 Bb5 44. Rxd4 Be2 45. Kf2 Bf3 46. Rg1 Rh6
47. gxf5 Rxh3 48. Bxe4 1-0

[Event "Montreal op"]
[Site "Montreal CAN"]
[Date "2019.09.08"]
[Round "4.5"]
[White "Allard, Laurent"]
[Black "Leveille, Francois"]
[Result "1/2-1/2"]
[WhiteElo "2039"]
[BlackElo "2231"]
[PlyCount "107"]
[EventDate "2019.09.06"]
[EventType "swiss"]
[EventRounds "5"]
[EventCountry "CAN"]

1. e4 Nf6 2. e5 Nd5 3. c4 Nb6 4. d4 d6 5. exd6 cxd6 6. Nc3 g6 7. Be3 Bg7 8. Rc1
Nc6 9. b3 O-O 10. d5 Ne5 11. Be2 Ned7 12. Nf3 Nf6 13. O-O Bg4 14. h3 Bxf3 15.
Bxf3 Nbd7 16. b4 a5 17. a3 axb4 18. axb4 b6 19. Qb3 Qb8 20. Nb5 Ra6 21. Bd4 Ne5
22. Be2 Rc8 23. f4 Ned7 24. Qb2 e5 25. dxe6 fxe6 26. Bg4 e5 27. Be6+ Kh8 28.
fxe5 dxe5 29. Bc3 Re8 30. Rxf6 Nxf6 31. Bxe5 Ra2 32. Qd4 Qb7 33. Bd5 Nxd5 34.
Bxg7+ Qxg7 35. Qxd5 Qe5 36. Qxe5+ Rxe5 37. Nd4 Re4 38. Nf3 Ra4 39. c5 bxc5 40.
Rxc5 Raxb4 41. Rc7 h6 42. Kf2 Rb2+ 43. Kg3 Ree2 44. Nh4 g5 45. Ng6+ Kg8 46. Kg4
Rb6 47. Kh5 Ree6 48. Ne7+ Kf8 49. Nf5 Rf6 50. g4 Rb3 51. Rc8+ Kf7 52. Nxh6+
Rxh6+ 53. Kxh6 Rxh3+ 54. Kxg5 1/2-1/2

[Event "Montreal op"]
[Site "Montreal CAN"]
[Date "2019.09.08"]
[Round "4.6"]
[White "Zheng, Richard"]
[Black "Nunez-Painchaud, Raphael"]
[Result "0-1"]
[WhiteElo "2069"]
[BlackElo "1966"]
[PlyCount "92"]
[EventDate "2019.09.06"]
[EventType "swiss"]
[EventRounds "5"]
[EventCountry "CAN"]

1. b3 e5 2. Bb2 Nc6 3. e3 Nf6 4. Bb5 Bd6 5. Na3 a6 6. Be2 b5 7. c4 b4 8. Nc2
O-O 9. d4 exd4 10. exd4 Re8 11. Nh3 Bf8 12. d5 Ne5 13. O-O Bc5 14. Nf4 d6 15.
Nd3 Nxd3 16. Bxd3 Ng4 17. h3 Ne5 18. Kh2 Qh4 19. Bxe5 dxe5 20. f4 exf4 21. Qf3
h5 22. Kh1 g5 23. d6 Bg4 24. Qd5 cxd6 25. Bf5 Rad8 26. Rae1 Rxe1 27. Rxe1 f3
28. Bxg4 hxg4 29. Re7 fxg2+ 30. Qxg2 Qxh3+ 31. Qxh3 gxh3 32. Kh2 d5 33. Re2
dxc4 34. Kxh3 cxb3 35. axb3 Rd3+ 36. Kg4 Rxb3 37. Kxg5 Rc3 38. Kf6 b3 39. Ne1
Re3 40. Rg2+ Kf8 41. Rh2 Re6+ 42. Kf5 Rxe1 43. Rb2 Re3 44. Kf4 Rc3 45. Ke4 Ba3
46. Rb1 b2 0-1

[Event "Montreal op"]
[Site "Montreal CAN"]
[Date "2019.09.08"]
[Round "4.7"]
[White "Masse, Hugues"]
[Black "Zhong, Kevin"]
[Result "1/2-1/2"]
[WhiteElo "2200"]
[BlackElo "2112"]
[PlyCount "137"]
[EventDate "2019.09.06"]
[EventType "swiss"]
[EventRounds "5"]
[EventCountry "CAN"]

1. e4 c5 2. Nf3 Nc6 3. d4 cxd4 4. Nxd4 Nf6 5. Nc3 d6 6. Bg5 e6 7. Qd2 a6 8.
O-O-O h6 9. Be3 Bd7 10. f3 b5 11. Nxc6 Bxc6 12. Ne2 Bb7 13. Nd4 Qc7 14. Kb1 Be7
15. g4 Nd7 16. h4 Ne5 17. Be2 O-O-O 18. b3 d5 19. f4 Nd7 20. e5 Nc5 21. Bd3 Ne4
22. Bxe4 dxe4 23. Qc1 Rd7 24. h5 Rhd8 25. Ne2 Bd5 26. Qb2 Bc5 27. Bxc5 Qxc5 28.
Qd4 Qxd4 29. Rxd4 e3 30. Re1 Bf3 31. Rxd7 Rxd7 32. Ng3 Rd1+ 33. Rxd1 Bxd1 34.
Kc1 Bxg4 35. c3 Kd7 36. Kc2 e2 37. Kd2 Kc6 38. Nxe2 Bxh5 39. Nd4+ Kd5 40. Ke3
g5 41. Nc2 a5 42. b4 axb4 43. cxb4 Kc4 44. fxg5 hxg5 45. a3 Kb3 46. Nd4+ Kxa3
47. Nxb5+ Kxb4 48. Nd6 Kc5 49. Ne4+ Kd5 50. Nf6+ Kxe5 51. Nxh5 f5 52. Kf3 Kd6
53. Ke3 Ke7 54. Kd4 Kf7 55. Ke5 Kg6 56. Ng3 f4 57. Ne2 f3 58. Ng3 f2 59. Ke4
Kf6 60. Kf3 Ke5 61. Kxf2 Kf4 62. Nh5+ Kg4 63. Nf6+ Kf5 64. Nd7 Kf4 65. Nc5 e5
66. Nd3+ Kf5 67. Nxe5 Kxe5 68. Kg3 Kf5 69. Kf3 1/2-1/2

[Event "Montreal op"]
[Site "Montreal CAN"]
[Date "2019.09.08"]
[Round "4.8"]
[White "Pomerantz, Daniel"]
[Black "Luksza, Arkadiusz"]
[Result "1-0"]
[WhiteElo "1962"]
[BlackElo "2069"]
[PlyCount "73"]
[EventDate "2019.09.06"]
[EventType "swiss"]
[EventRounds "5"]
[EventCountry "CAN"]

1. e4 e6 2. d4 d5 3. Nd2 Be7 4. Ngf3 c5 5. exd5 exd5 6. Bb5+ Bd7 7. Qe2 Nf6 8.
O-O O-O 9. Ne5 Nc6 10. Bxc6 Bxc6 11. Ndf3 Rc8 12. Be3 Qa5 13. Nxc6 Rxc6 14. c3
Qc7 15. dxc5 Bxc5 16. Bxc5 Rxc5 17. Rfe1 Rc6 18. Nd4 Rb6 19. Rad1 h6 20. Nf5
Re8 21. Ne3 Qe5 22. Rd4 g6 23. Red1 Kg7 24. g3 Qe6 25. Kg2 Nh7 26. h4 Nf6 27.
Qc2 Ra6 28. a3 Ra5 29. Qb3 b6 30. Qa2 Rc5 31. R1d3 h5 32. b4 Rcc8 33. Nxd5 Ng4
34. Qd2 Ne5 35. Re3 Qc6 36. Qe2 Nc4 37. Rxe8 1-0

[Event "Montreal op"]
[Site "Montreal CAN"]
[Date "2019.09.08"]
[Round "4.9"]
[White "Saha, Ananda"]
[Black "Richard, Leo"]
[Result "1-0"]
[WhiteElo "2103"]
[BlackElo "1773"]
[PlyCount "131"]
[EventDate "2019.09.06"]
[EventType "swiss"]
[EventRounds "5"]
[EventCountry "CAN"]

1. d4 Nf6 2. Bg5 d5 3. e3 c5 4. Bxf6 gxf6 5. Nc3 Nc6 6. dxc5 e6 7. Bb5 Bxc5 8.
Qg4 Bd7 9. Qg7 Ke7 10. O-O-O Bb4 11. Nge2 Qg8 12. Qh6 Qg5 13. Qh3 Rag8 14. g3
a6 15. Ba4 d4 16. f4 Qa5 17. exd4 Nxd4 18. Rxd4 Bxa4 19. Nxa4 Qxa4 20. Qg2 Qb5
21. Rhd1 Rd8 22. Rxd8 Rxd8 23. Rxd8 Kxd8 24. c3 Bc5 25. Qe4 f5 26. Qe5 Qc6 27.
h4 Ba7 28. Kd2 Qf3 29. Qd6+ Ke8 30. Qe5 Ke7 31. a4 f6 32. Qc7+ Ke8 33. Qc8+ Ke7
34. Qc7+ Ke8 35. Qc4 Qe3+ 36. Kd1 Kd7 37. b4 Bb6 38. b5 a5 39. Kc2 h5 40. Kb3
Qe4 41. Qxe4 fxe4 42. Kc4 Kd6 43. f5 e5 44. g4 hxg4 45. Ng3 Be3 46. Nxe4+ Ke7
47. Kd3 Bf4 48. Ke2 b6 49. c4 Bh6 50. Kf2 Bf4 51. Kg2 Kf7 52. Nf2 Ke7 53. Nxg4
Kd6 54. Nf2 e4 55. Nxe4+ Ke5 56. Ng3 Bh6 57. Kf3 Kd4 58. Nh5 Kxc4 59. Nxf6 Kb4
60. Ng8 Bf8 61. h5 Kxa4 62. h6 Kxb5 63. h7 Bg7 64. f6 Bh8 65. f7 Bg7 66. h8=Q
1-0

[Event "Montreal op"]
[Site "Montreal CAN"]
[Date "2019.09.08"]
[Round "4.10"]
[White "Huang, Qiuyu"]
[Black "Javidfard, Amirsalar"]
[Result "0-1"]
[WhiteElo "1985"]
[BlackElo "2013"]
[PlyCount "52"]
[EventDate "2019.09.06"]
[EventType "swiss"]
[EventRounds "5"]
[EventCountry "CAN"]

1. e4 c5 2. Nf3 Nc6 3. d4 cxd4 4. Nxd4 g6 5. Nc3 Bg7 6. Be3 Nf6 7. Bc4 O-O 8.
Bb3 Ng4 9. Qxg4 Nxd4 10. Qd1 Ne6 11. Qd2 d6 12. Bh6 Nd4 13. Bxg7 Nxb3 14. axb3
Kxg7 15. Rxa7 Rxa7 16. Qd4+ e5 17. Qxa7 Qg5 18. Rg1 Qc1+ 19. Nd1 Qxc2 20. Qe3
Be6 21. f3 Rc8 22. Qd2 Qb1 23. Qe3 Rc1 24. Ke2 Rc2+ 25. Ke1 Rxb2 26. h4 Bxb3
0-1

[Event "Montreal op"]
[Site "Montreal CAN"]
[Date "2019.09.08"]
[Round "4.11"]
[White "Libersan, Thierry"]
[Black "Turcotte, Jonathan"]
[Result "1/2-1/2"]
[WhiteElo "1996"]
[BlackElo "1983"]
[PlyCount "72"]
[EventDate "2019.09.06"]
[EventType "swiss"]
[EventRounds "5"]
[EventCountry "CAN"]

1. e4 c6 2. d4 d5 3. Nc3 dxe4 4. Nxe4 Bf5 5. Ng3 Bg6 6. h4 h6 7. h5 Bh7 8. Nf3
Nd7 9. Bd3 Bxd3 10. Qxd3 e6 11. Bf4 Qa5+ 12. Bd2 Bb4 13. c3 Be7 14. c4 Qc7 15.
O-O-O Ngf6 16. Kb1 O-O 17. Ne4 b5 18. Rc1 Qb7 19. Nxf6+ Nxf6 20. g4 Nxg4 21.
Rhg1 f5 22. Qe2 Qd7 23. Bf4 Rac8 24. Ne5 Nxe5 25. Bxe5 Bf6 26. Rg6 Bxe5 27.
Qxe5 Rfe8 28. Rcg1 Re7 29. Rxh6 Rd8 30. Rhg6 Qxd4 31. Rxg7+ Rxg7 32. Rxg7+ Kh8
33. Qxd4 Rxd4 34. Re7 Rxc4 35. Rxe6 a6 36. Rf6 Rc5 1/2-1/2

[Event "Montreal op"]
[Site "Montreal CAN"]
[Date "2019.09.08"]
[Round "4.12"]
[White "Both, Aaron"]
[Black "Adriaanse, Adam"]
[Result "0-1"]
[WhiteElo "1979"]
[BlackElo "1989"]
[PlyCount "50"]
[EventDate "2019.09.06"]
[EventType "swiss"]
[EventRounds "5"]
[EventCountry "CAN"]

1. e4 c5 2. Nc3 a6 3. a4 Nc6 4. f4 e6 5. Bc4 Nge7 6. e5 d6 7. exd6 Nf5 8. Nf3
Bxd6 9. d3 Qc7 10. g3 b6 11. Ne4 Be7 12. c3 O-O 13. Qe2 Rb8 14. h4 b5 15. Ba2
Na5 16. g4 Nd6 17. Neg5 bxa4 18. d4 Nb3 19. Bxb3 Rxb3 20. Qd3 f5 21. Qe3 fxg4
22. Nxe6 Qc6 23. Rg1 Nf5 24. d5 Nxe3 25. dxc6 Nc2+ 0-1

[Event "Montreal op"]
[Site "Montreal CAN"]
[Date "2019.09.08"]
[Round "4.13"]
[White "Yang, Kun"]
[Black "Tinica, Gabriel"]
[Result "0-1"]
[WhiteElo "1012"]
[BlackElo "1932"]
[PlyCount "118"]
[EventDate "2019.09.06"]
[EventType "swiss"]
[EventRounds "5"]
[EventCountry "CAN"]

1. c4 Nf6 2. Nc3 g6 3. g3 Bg7 4. Bg2 O-O 5. Nf3 c5 6. O-O Nc6 7. Rb1 d6 8. a3
a5 9. d4 cxd4 10. Nxd4 Nxd4 11. Qxd4 Bf5 12. Ra1 Ne4 13. Qe3 Nxc3 14. bxc3 Rc8
15. Bxb7 Rxc4 16. Bd2 Qc7 17. Bd5 Rc5 18. Bg2 Re5 19. Qf3 Be4 20. Qxe4 Rxe4 21.
Bxe4 d5 22. Bg2 e6 23. Rab1 Qc4 24. e3 Qa2 25. Rfd1 Qxa3 26. Rdc1 Rc8 27. Bf1
Bf6 28. c4 Qa2 29. Be1 dxc4 30. Rb5 c3 31. Bd3 c2 32. Bxa5 Qa3 33. Rxc2 Rxc2
34. Bxc2 Qc1+ 35. Kg2 Qxc2 36. Rb8+ Kg7 37. Bb4 Be5 38. Bf8+ Kf6 39. Rb4 Qc6+
40. e4 Bc3 41. Rb3 Qxe4+ 42. Kg1 Bd4 43. Kf1 Bxf2 44. Bb4 Bd4 45. Ba5 Qf5+ 46.
Rf3 Qxf3+ 47. Ke1 Bf2+ 48. Kd2 Qe3+ 49. Kc2 Qc5+ 50. Kd1 Qxa5 51. Ke2 Qe1+ 52.
Kd3 Qe3+ 53. Kc4 Qd4+ 54. Kb3 Qc5 55. Kb2 Bd4+ 56. Kb3 Qc3+ 57. Ka4 Qb2 58. Ka5
Bc5 59. Ka4 Qb4# 0-1

[Event "Montreal op"]
[Site "Montreal CAN"]
[Date "2019.09.08"]
[Round "4.14"]
[White "Craciun, David"]
[Black "Gadbois, Patrick"]
[Result "1/2-1/2"]
[WhiteElo "1802"]
[BlackElo "1885"]
[PlyCount "53"]
[EventDate "2019.09.06"]
[EventType "swiss"]
[EventRounds "5"]
[EventCountry "CAN"]

1. d4 e6 2. Bf4 d5 3. e3 Nf6 4. Nf3 c5 5. Nbd2 Nc6 6. c3 Bd6 7. Bg3 O-O 8. Bd3
Qe7 9. Ne5 Bxe5 10. dxe5 Nd7 11. f4 f6 12. exf6 Nxf6 13. e4 e5 14. O-O Bg4 15.
Qe1 exf4 16. Rxf4 g5 17. Rf2 Rae8 18. Qe3 Nxe4 19. Bxe4 Rxf2 20. Bxd5+ Rf7 21.
Bxf7+ Kxf7 22. Rf1+ Kg8 23. Qxe7 Rxe7 24. Bd6 Re2 25. Rf2 Re1+ 26. Rf1 Re2 27.
Rf2 1/2-1/2

[Event "Montreal op"]
[Site "Montreal CAN"]
[Date "2019.09.08"]
[Round "5.2"]
[White "Dukic, Zachary"]
[Black "Tanaka, Tyler"]
[Result "1-0"]
[WhiteElo "2224"]
[BlackElo "2073"]
[PlyCount "121"]
[EventDate "2019.09.06"]
[EventType "swiss"]
[EventRounds "5"]
[EventCountry "CAN"]

1. e4 c5 2. Nf3 Nc6 3. d4 cxd4 4. Nxd4 g6 5. Nc3 Bg7 6. Be3 Nf6 7. Bc4 O-O 8.
Bb3 d6 9. f3 Bd7 10. Qd2 Nxd4 11. Bxd4 b5 12. Nd5 Nxd5 13. Bxg7 Kxg7 14. exd5
a5 15. a3 Qb6 16. O-O-O Rac8 17. g4 Rc5 18. Rhe1 Rfc8 19. Qd4+ Kg8 20. Rxe7 Be8
21. Re2 Qc7 22. Rdd2 Qb6 23. Kb1 Bd7 24. Rd1 Qc7 25. Rc1 Qb6 26. Qf4 Re8 27.
Rxe8+ Bxe8 28. h4 Qd8 29. h5 g5 30. Qe4 Rc8 31. c3 Qf6 32. Bc2 h6 33. Re1 Bd7
34. Qe7 Qxe7 35. Rxe7 Rc7 36. Bd3 Kf8 37. Re4 Kg7 38. Kc2 Kf6 39. b4 axb4 40.
axb4 Ra7 41. c4 bxc4 42. Bxc4 Ra3 43. b5 Ra4 44. Kb3 Ra1 45. Kb4 Ra8 46. Re3
Ra1 47. Bb3 Ra8 48. Re1 Rb8 49. Bc4 Ra8 50. Re3 Ra1 51. b6 Ra4+ 52. Kb3 Ra8 53.
b7 Rb8 54. Ba6 Bc8 55. Re8 Rxb7+ 56. Bxb7 Bxb7 57. Kc4 Ba6+ 58. Kd4 Bf1 59. Rh8
Kg7 60. Rd8 Be2 61. Ke3 1-0

[Event "Montreal op"]
[Site "Montreal CAN"]
[Date "2019.09.08"]
[Round "5.3"]
[White "Liang, Jason"]
[Black "Nunez-Painchaud, Raphael"]
[Result "1-0"]
[WhiteElo "2224"]
[BlackElo "1996"]
[PlyCount "93"]
[EventDate "2019.09.06"]
[EventType "swiss"]
[EventRounds "5"]
[EventCountry "CAN"]

1. e4 c5 2. Nf3 Nc6 3. d4 cxd4 4. Nxd4 Nf6 5. Nc3 e5 6. Ndb5 d6 7. Bg5 a6 8.
Na3 b5 9. Bxf6 gxf6 10. Nd5 Bg7 11. c3 f5 12. Bd3 Be6 13. Qh5 Rc8 14. O-O O-O
15. exf5 Bxd5 16. f6 e4 17. fxg7 Re8 18. Qxd5 Re5 19. Qb3 exd3 20. Rad1 Qf6 21.
Rxd3 Rce8 22. Qd1 R8e6 23. Nc2 Kxg7 24. Rf3 Rf5 25. Rxf5 Qxf5 26. Ne3 Qc5 27.
Qg4+ Rg6 28. Qd7 Re6 29. Qc8 a5 30. Rd1 a4 31. a3 Ne5 32. Qxc5 dxc5 33. Rd5 Nc4
34. Rxc5 Nxb2 35. Kf1 Rb6 36. Ke2 Kg6 37. Kd2 Rd6+ 38. Kc2 Nd3 39. Rxb5 Nxf2
40. Rb4 Re6 41. Rf4 Ne4 42. Nd5 f5 43. Kd3 Rd6 44. c4 Nc5+ 45. Kd4 Ne6+ 46. Ke5
Rxd5+ 47. cxd5 1-0

[Event "Montreal op"]
[Site "Montreal CAN"]
[Date "2019.09.08"]
[Round "5.4"]
[White "Yu, Zong Yang"]
[Black "Pomerantz, Daniel"]
[Result "1-0"]
[WhiteElo "2394"]
[BlackElo "1952"]
[PlyCount "79"]
[EventDate "2019.09.06"]
[EventType "swiss"]
[EventRounds "5"]
[EventCountry "CAN"]

1. Nf3 Nf6 2. c4 e6 3. g3 c5 4. Bg2 Nc6 5. O-O Be7 6. d4 cxd4 7. Nxd4 O-O 8.
Nc3 a6 9. Bf4 d5 10. cxd5 exd5 11. Rc1 Qb6 12. e3 Qxb2 13. Nxd5 Nxd5 14. Bxd5
Nxd4 15. exd4 Bf6 16. Rc7 Bh3 17. Rxb7 Qxd4 18. Rxf7 Rxf7 19. Qh5 Qxd5 20. Qxd5
Rd8 21. Qc4 Bxf1 22. Kxf1 Bd4 23. Qxa6 Rdf8 24. h4 g6 25. Kg2 Kg7 26. a4 h5 27.
a5 Rd7 28. Qc6 Rff7 29. a6 Kh7 30. f3 Rfe7 31. Kh3 Rf7 32. Bd6 Kg7 33. f4 Kh7
34. Bb8 Ba7 35. Be5 Bd4 36. f5 gxf5 37. Bf4 Bf6 38. Be3 Rd8 39. a7 Rff8 40. Bc5
1-0

[Event "Montreal op"]
[Site "Montreal CAN"]
[Date "2019.09.08"]
[Round "5.5"]
[White "Leveille, Francois"]
[Black "Duong, Thanh Nha"]
[Result "0-1"]
[WhiteElo "2231"]
[BlackElo "2146"]
[PlyCount "72"]
[EventDate "2019.09.06"]
[EventType "swiss"]
[EventRounds "5"]
[EventCountry "CAN"]

1. e4 e5 2. Nf3 Nc6 3. Bb5 a6 4. Ba4 Nf6 5. O-O Be7 6. Re1 b5 7. Bb3 O-O 8. c3
d6 9. h3 Bb7 10. d4 Re8 11. Nbd2 Bf8 12. Bc2 g6 13. d5 Nb8 14. b4 c6 15. Nb3
cxd5 16. Na5 Qc7 17. Nxb7 Qxb7 18. exd5 Nbd7 19. Bb3 Nb6 20. Ng5 Bg7 21. Be3
Rac8 22. Bxb6 Qxb6 23. Rc1 h6 24. Nf3 Nh5 25. Qd2 Kh7 26. c4 e4 27. c5 dxc5 28.
bxc5 Rxc5 29. Rxc5 Qxc5 30. Rc1 Qa7 31. Qe1 Nf4 32. Rc6 Nxg2 33. Ng5+ hxg5 34.
Kxg2 e3 35. fxe3 Rxe3 36. Rc7 Qd4 0-1

[Event "Montreal op"]
[Site "Montreal CAN"]
[Date "2019.09.08"]
[Round "5.6"]
[White "Ouellet, Maili-Jade"]
[Black "Allard, Laurent"]
[Result "0-1"]
[WhiteElo "2245"]
[BlackElo "2039"]
[PlyCount "70"]
[EventDate "2019.09.06"]
[EventType "swiss"]
[EventRounds "5"]
[EventCountry "CAN"]

1. d4 Nf6 2. c4 g6 3. Nc3 Bg7 4. e4 d6 5. f4 O-O 6. Nf3 c5 7. d5 e6 8. Be2 exd5
9. cxd5 Bg4 10. O-O Re8 11. h3 Bxf3 12. Bxf3 Nbd7 13. Re1 Qa5 14. Be3 b5 15. a3
Rab8 16. Qc2 Qc7 17. Re2 c4 18. Kh1 Nc5 19. Bxc5 Qxc5 20. e5 dxe5 21. fxe5 Nd7
22. e6 Ne5 23. exf7+ Nxf7 24. Rae1 Rxe2 25. Qxe2 Ne5 26. Bg4 Kh8 27. Be6 Rf8
28. Rf1 Nd3 29. Rxf8+ Qxf8 30. Nxb5 Qf4 31. d6 Be5 32. g3 Qxg3 33. d7 Nf2+ 34.
Qxf2 Qxf2 35. d8=Q+ Kg7 0-1

[Event "Montreal op"]
[Site "Montreal CAN"]
[Date "2019.09.08"]
[Round "5.7"]
[White "Javidfard, Amirsalar"]
[Black "Masse, Hugues"]
[Result "0-1"]
[WhiteElo "2013"]
[BlackElo "2200"]
[PlyCount "58"]
[EventDate "2019.09.06"]
[EventType "swiss"]
[EventRounds "5"]
[EventCountry "CAN"]

1. Nf3 Nf6 2. c4 c5 3. b3 g6 4. Bb2 Bg7 5. e3 O-O 6. Be2 b6 7. d3 Bb7 8. Nbd2
d6 9. Nf1 Nbd7 10. Ng3 a6 11. h4 b5 12. cxb5 axb5 13. d4 b4 14. h5 cxd4 15.
Bxd4 e5 16. Bb2 Nc5 17. Qd2 Qb6 18. Rh4 Nfe4 19. Nxe4 Nxe4 20. Qd3 Nc3 21. Nd2
d5 22. hxg6 fxg6 23. Rxb4 Qxb4 24. Qxc3 Qxc3 25. Bxc3 Rac8 26. Nb1 d4 27. Bc4+
Rxc4 28. bxc4 dxc3 29. Nxc3 e4 0-1

[Event "Montreal op"]
[Site "Montreal CAN"]
[Date "2019.09.08"]
[Round "5.8"]
[White "Adriaanse, Adam"]
[Black "Saha, Ananda"]
[Result "1-0"]
[WhiteElo "1989"]
[BlackElo "2103"]
[PlyCount "131"]
[EventDate "2019.09.06"]
[EventType "swiss"]
[EventRounds "5"]
[EventCountry "CAN"]

1. e4 e6 2. d4 d5 3. Nd2 Nf6 4. Bd3 c5 5. e5 Nfd7 6. c3 Nc6 7. Ne2 cxd4 8. cxd4
a5 9. O-O Nb6 10. f4 g6 11. Nf3 Bd7 12. g4 Nb4 13. Bb1 Bb5 14. f5 Be7 15. Rf2
Bxe2 16. Rxe2 a4 17. f6 Bf8 18. a3 Nc6 19. Bc2 Qd7 20. Bd2 Na7 21. b3 axb3 22.
Bxb3 Nc6 23. Qc1 Rc8 24. Qb2 h5 25. g5 Ra8 26. Bc3 Ra6 27. h4 Qc8 28. Qc1 Qa8
29. Bb2 Na5 30. Bc2 Nbc4 31. Ba4+ Kd8 32. Bb5 Nb3 33. Qd1 Nxa1 34. Bxa6 Qxa6
35. Qxa1 b5 36. Qa2 Bb4 37. Qb3 Ba5 38. Ne1 Bxe1 39. Rxe1 Kd7 40. Qb4 Qa5 41.
Qe7+ Kc6 42. Re2 Nxb2 43. Qxf7 Qc3 44. Qxe6+ Kc7 45. Qxd5 Qg3+ 46. Qg2 Qxh4 47.
Rxb2 Qxd4+ 48. Kh1 Qh4+ 49. Kg1 Qe1+ 50. Qf1 Qe3+ 51. Kh1 Qe4+ 52. Qg2 Qh4+ 53.
Qh2 Qe1+ 54. Kg2 Qe4+ 55. Kf1 Qf3+ 56. Ke1 Qe3+ 57. Re2 Qc3+ 58. Rd2 Qe3+ 59.
Kd1 Qb3+ 60. Rc2+ Kb6 61. Qf2+ Ka6 62. Qc5 Rd8+ 63. Kc1 Rd5 64. Qc6+ Ka7 65.
Qc7+ Ka8 66. Qa5+ 1-0

[Event "Montreal op"]
[Site "Montreal CAN"]
[Date "2019.09.08"]
[Round "5.9"]
[White "Luksza, Arkadiusz"]
[Black "Libersan, Thierry"]
[Result "1/2-1/2"]
[WhiteElo "2069"]
[BlackElo "1996"]
[PlyCount "121"]
[EventDate "2019.09.06"]
[EventType "swiss"]
[EventRounds "5"]
[EventCountry "CAN"]

1. Nf3 c5 2. c4 Nc6 3. Nc3 g6 4. d4 cxd4 5. Nxd4 Bg7 6. Nc2 Nf6 7. g3 O-O 8.
Bg2 d6 9. O-O Bd7 10. Rb1 Rb8 11. h3 a6 12. a4 Na5 13. b3 Qc8 14. Nd5 Nxd5 15.
Qxd5 b5 16. Bd2 Bc6 17. Qg5 Bf6 18. Qe3 Bxg2 19. Kxg2 Nc6 20. cxb5 axb5 21.
Rfc1 Qa6 22. axb5 Rxb5 23. b4 Ra8 24. Qd3 Ne5 25. Qb3 Qb7+ 26. f3 d5 27. Bc3
Nc4 28. Rd1 Bxc3 29. Qxc3 Ra2 30. Kh1 e5 31. Ra1 Rxc2 32. Qxc2 Ne3 33. Qd2 Nxd1
34. Rxd1 d4 35. Rb1 Qc8 36. Kg2 Qc4 37. Kf2 Kg7 38. h4 h5 39. Rb2 Qe6 40. Kg2
Qb6 41. Rb1 Qd6 42. Rb2 f5 43. Rb1 e4 44. fxe4 fxe4 45. Qf4 Qxf4 46. gxf4 Kf6
47. Kg3 Ke6 48. Kf2 Kd5 49. Rg1 Rb6 50. b5 e3+ 51. Kf3 Rxb5 52. Rxg6 Rb1 53.
Rg5+ Kc4 54. Rxh5 Kc3 55. Rd5 Rh1 56. h5 Rh3+ 57. Kg2 Rh4 58. Kg3 Rh1 59. Kg2
Rh4 60. Kg3 Rh1 61. Kg2 1/2-1/2

[Event "Montreal op"]
[Site "Montreal CAN"]
[Date "2019.09.08"]
[Round "5.10"]
[White "Turcotte, Jonathan"]
[Black "Zheng, Richard"]
[Result "1/2-1/2"]
[WhiteElo "1983"]
[BlackElo "2069"]
[PlyCount "57"]
[EventDate "2019.09.06"]
[EventType "swiss"]
[EventRounds "5"]
[EventCountry "CAN"]

1. d4 d5 2. c4 c6 3. Nf3 Nf6 4. Nc3 e6 5. Bg5 dxc4 6. e4 b5 7. e5 h6 8. Bh4 g5
9. Nxg5 hxg5 10. Bxg5 Nbd7 11. exf6 Qb6 12. g3 Bb7 13. Bg2 O-O-O 14. O-O c5 15.
d5 b4 16. Na4 Qa6 17. a3 Bxd5 18. Bxd5 Ne5 19. axb4 Rxd5 20. Qe2 cxb4 21. Nc3
Qc6 22. Nxd5 Qxd5 23. f3 Bc5+ 24. Be3 Nd3 25. Bxc5 Qxc5+ 26. Kg2 Qh5 27. Kg1
Qc5+ 28. Kg2 Qh5 29. Kg1 1/2-1/2

[Event "Montreal op"]
[Site "Montreal CAN"]
[Date "2019.09.08"]
[Round "5.11"]
[White "Tinica, Gabriel"]
[Black "Both, Aaron"]
[Result "1-0"]
[WhiteElo "1932"]
[BlackElo "1979"]
[PlyCount "35"]
[EventDate "2019.09.06"]
[EventType "swiss"]
[EventRounds "5"]
[EventCountry "CAN"]

1. d4 Nc6 2. Bf4 e6 3. Nf3 Nf6 4. e3 Be7 5. Nbd2 Nh5 6. Bg3 Nxg3 7. hxg3 f5 8.
c3 O-O 9. Bd3 g6 10. Qc2 d6 11. g4 e5 12. gxf5 gxf5 13. O-O-O e4 14. Nxe4 fxe4
15. Bxe4 Kf7 16. Rxh7+ Ke8 17. Bxc6+ bxc6 18. Qg6+ 1-0